000 00753nam a2200253 a 4500
001 2470
003 BD-RjUL
005 20211208233547.0
008 150621s1971 pauab b 001 0 eng
020 _a0721669417
035 _a(BD-RjUL)2497
040 _aDLC
_cDLC
_dDLC
_dBD-RjUL
_beng
041 _aeng
082 0 0 _a577
_bODF 1971
_223
100 1 _aOdum, Eugene P.
_q(Eugene Pleasants),
_d1913-2002.
_9116925
245 1 0 _aFundamentals of ecology /
_cEugene P. Odum
250 _a3rd ed., Saunders' International Student ed.
260 _aPhiladelphia :
_bSaunders,
_cc1971.
300 _axiv, 574 p. :
_bill. ;
_c27 cm.
504 _aIncludes Bibliography and index.
650 0 _aEcology.
_9116926
942 _2ddc
_cBK
999 _c2470
_d2470